000 01094nam a2200289Ia 4500
003 OSt
005 20221005110617.0
006 a|||||r|||| 00| 0
007 ta
008 221004b |||||||| |||| 00| 0 hin d
020 _a9789326351720 (pbk)
_cINR 80.00
024 _a37051
037 _bBW/1688, 15/03/2018, Bookwell
_cTextual
040 _aCRL
_cCRL
_bhin
041 _2hin
_ahin
082 _aO152,3N40,BN, Q3
100 _aसचदेव, पद्मा, ले.
245 0 _aभटको नहीं धनंजय
246 _aBhaṭako nahīan dhananjaya
260 _aनई दिल्ली
_bभारतीय ज्ञानपीठ भारत
_c2013
300 _a109पृ0
_ccm.
490 _aलोकोदय ग्रन्थमाला; ग्रन्थांक 644
650 _a हिन्दी साहित्य
650 _aहिन्दी कहानी
942 _hO152,3N40,BN, Q3
_cTEXL
_2cc
999 _c1019343
_d1019343